Sports Quiz

Random Sports or WWE Quiz
Score 0/37 Timer 05:00
1 Play Today
Match Finishing Move % Correct
III – Andre the Giant vs. Hulk HoganLeg Drop
95.4%
XV – Steve Austin vs. The RockStone Cold Stunner
86.1%
V – Randy Savage vs. Hulk HoganLeg Drop
86%
VII – Hulk Hogan vs. Sgt. SlaughterLeg Drop
85.9%
XIV – Steve Austin vs. Shawn MichaelsStone Cold Stunner
85.8%
XIII – Sycho Sid vs. The UndertakerTombstone Piledriver
84.3%
XIX – Booker T vs. Triple HPedigree
83.6%
X8 – Chris Jericho vs. Triple HPedigree
82.9%
XIX – Brock Lesnar vs. Kurt AngleF-5
82.6%
XXI – John Cena vs. JBLFU
82.5%
IX – Yokozuna vs. Hulk HoganLeg Drop
82.3%
XII – Bret Hart vs. Shawn MichaelsSweet Chin Music
82.3%
XXIII – Batista vs. The UndertakerTombstone Piledriver
82.2%
XXI – Batista vs. Triple HBatista Bomb
82.2%
XXII – Rey Mysterio vs. Randy Orton vs. Kurt Angle619 and West Coast Pop
80.1%
XX – Chris Benoit vs. Triple H vs. Shawn MichaelsCrippler Crossface
77.1%
XXV – Triple H vs. Randy OrtonPedigree
75.7%
XXIV – Triple H vs. Randy Orton vs. John CenaPunt and Pedigree
75.1%
XXV – John Cena vs. Big Show vs. EdgeAttitude Adjustment
75%
Match Finishing Move % Correct
XXII – John Cena vs. Triple HSTFU
74.1%
XI – Diesel vs. Shawn MichaelsJacknife Powerbomb
73.9%
XXIII – John Cena vs. Shawn MichaelsSTFU
73.9%
XXVII – Edge vs. Alberto Del RioSpear
70.7%
VI – Hulk Hogan vs. Ultimate WarriorWarrior Splash
70.3%
XXVI – John Cena vs. BatistaSTF
67.6%
IV – Randy Savage vs. Ted DiBiaseFlying Elbow Drop
67%
XXVIII – Sheamus vs. Daniel BryanBrogue Kick
61.8%
XXIV – The Undertaker vs. EdgeHell's Gate
61.5%
X-Seven – The Rock vs. Steve AustinMultiple chair shots
60.7%
XXIX – The Rock vs. John CenaAttitude Adjustment
60%
XXX - Daniel Bryan vs. Randy Orton vs. BatistaYes! Lock
58.3%
XXVI – Edge vs. Chris JerichoCodebreaker
55%
XX – Eddie Guerrero vs. Kurt AngleSmall Package
50.2%
XXVIII – CM Punk vs. Chris JerichoAnaconda Vise
50%
XXVII – The Miz vs. John CenaRock Bottom
49.2%
VIII – Ric Flair vs. Randy SavageSchoolboy
41.4%
XXIX – Alberto Del Rio vs. Jack SwaggerCross Arm Breaker
39.7%

You're not logged in!

Compare scores with friends on all Sporcle quizzes.
OR
Log In

Sporcle TV

Today on Sporcle TV


Watch our educational content, quiz creation guides, and fun videos on Sporcle TV.

Show Comments

Extras

Top Quizzes Today


Score Distribution

Paid Content

Your Account Isn't Verified!

In order to create a playlist on Sporcle, you need to verify the email address you used during registration. Go to your Sporcle Settings to finish the process.

Report this User

Report this user for behavior that violates our Community Guidelines.

Details: